A personal name index to New Directions : volumes 1-35 /

Bibliographic Details
Main Author: Cox, Shelley
Format: Book
Language:English
Published: Troy, N.Y. : Whitston, 1980.
Subjects:

MARC

Tag First Indicator Second Indicator Subfields
LEADER 00000cam a2200000 i 4500
001 in00000068906
005 20151008050848.0
008 800227s1980 nyu i 00010 eng
010 |a  37001751  
020 |a 0878751807 
035 |a (OCoLC)06025818 
035 |9 AAG3889AM 
040 |a NGA  |c NGA  |d TXA  |d UtOrBLW 
049 |a TXAM  |c [981027] 
050 0 0 |a PS536  |b .C52 
100 1 |a Cox, Shelley. 
245 1 2 |a A personal name index to New Directions :  |b volumes 1-35 /  |c / by Shelley Cox. 
264 1 |a Troy, N.Y. :  |b Whitston,  |c 1980. 
300 |a 167 pages ;  |c 24 cm. 
336 |a text  |b txt  |2 rdacontent 
337 |a unmediated  |b n  |2 rdamedia 
338 |a volume  |b nc  |2 rdacarrier 
650 0 |a American literature  |y 20th century  |x Indexes. 
650 0 |a English literature  |x Translations from foreign languages  |x Indexes. 
650 0 |a Literature, Modern  |y 20th century  |x Indexes. 
730 0 |a New directions. 
999 |a MARS 
999 f f |s a8a9d921-42c7-3ac1-9df8-38e59a765204  |i 385b2aea-cad3-3855-82bb-8143f980adfe  |t 0 
952 f f |p ric  |a Texas A&M University  |b Rellis Campus  |c Joint Library Facility  |d Remote Storage  |t 0  |e PS536 .C52  |h Library of Congress classification  |i unmediated -- volume  |m A14804039210 
998 f f |a PS536 .C52  |t 0  |l Remote Storage